Normal view MARC view

Entry Personal Name

Number of records used in: 2

001 - CONTROL NUMBER

  • control field: 50903

003 - CONTROL NUMBER IDENTIFIER

  • control field: dpl

005 - DATE AND TIME OF LATEST TRANSACTION

  • control field: 20120808170559.0

008 - FIXED-LENGTH DATA ELEMENTS

  • fixed length control field: 120808|||a|||||| | ||| d

040 ## - CATALOGING SOURCE

  • Original cataloging agency: dpl
  • Transcribing agency: dpl

100 ## - HEADING--PERSONAL NAME

  • Personal name: Upinder Singh

670 ## - SOURCE DATA FOUND

  • Source citation: Work cat.: (dpl)16160: Upinder Singh , Ancient Delhi /, 2006

670 ## - SOURCE DATA FOUND

  • Source citation: Work cat.: (dpl)16160: Upinder Singh , Ancient Delhi /, 2006

© Delhi Public Library
Hit Counter
free hit counter